00407pab a2200145 454500008004000000100001800040245005900058260000900117300001300126650003500139650002300174650001200197700001900209773003300228180718b1998 xxu||||| |||| 00| 0 eng d aIshida, Akira aPoverty eradiction and income distribution in Malaysia c1998 ap.327-45 aIncome distribution - Malaysia aPoverty - Malaysia aPoverty aAsmuni, Azizan aJournal of Contemporary Asia